1343 1358 1573 1461 1892 1688 1815 1726 1431 1104 1554 1391 1636 1232 1241 1746 1092 1696 1427 1354 1017 1438 1429 1463 1285 1296 1381 1277 1722 1248 1404 1548 1098 1161 1401 1844 1557 1251 1446 1846 1281 1570 1829 1680 1357 1514 1922 1256 1306 1546 1934 1125 1673 1477 1090 1850 1464 1035 1266 1844 1643 1383 1420 1585 1057 1433 1522 1483 1935 1313 1282 1398 1582 1039 1148 1470 1241 1356 1493 1386 1072 1542 1377 1790 1985 1338 1265 1012 1170 1695 1935 1109 1018 1837 1406 1062 1041 1073 1629 BCNSPRNW ULIB Ver.6.0+V

เปลี่ยนเป็นภาษาไทย

Change to English
 แสดงรายละเอียดบรรณานุกรม
  กลับหน้าหลัก

Brief Record : Get Marc (ISO 2709) : E-mail record : QR code < ปิดหน้าต่าง
LEADER : 00000nam 2200000uu 4500
001    13399123495
003     ULIB
008    140928s2555||||th 000 0 tha d
020    ^a9786167495057
060 04 ^aWY152^bผ225ก
100 0  ^aผ่องพรรณ อรุณแสง
245 10 ^aการพยาบาล ปัญหาสำคัญของผู้สูงอายุ : การนำใช้/^cผ่องพรรณ อรุณแสง
250    ^aพิมพ์ครั้งที่ 3
260    ^aขอนแก่น :^bมหาวิทยาลัยขอนแก่น,^c2555
300    ^a290 หน้า
650  7 ^aการพยาบาลผู้สูงอายุ
650  7 ^aแนวคิดการพยาบาลผู้สูงอายุ
650  7 ^aผู้สูงอายุ^xการดูแล
650  7 ^aปัญหาสุขภาพ^xผู้สูงอายุ
710 2  ^aมหาวิทยาลัยขอนแก่น. ^bคณะพยาบาลศาสตร์
945    ^p300^l0^i039576
945    ^p300^l0^i039577
945    ^p300^l0^i035978
945    ^p300^l0^i035979
945    ^p300^l0^i035980
945    ^p300^l0^i035981
945    ^p300^l0^i035982
945    ^p300^l0^i035983
945    ^p300^l0^i035984
945    ^p300^l0^i035985
945    ^p300^l0^i035986
945    ^p300^l0^i035987
945    ^p300^l0^i035988
945    ^p300^l0^i035989
945    ^p300^l0^i035990
945    ^p300^l0^i037857
945    ^p300^l0^i037858
945    ^p300^l0^i003550
945    ^p300^l0^i003551
999    ^aเกษร โพธิ์สุวรรณ
รายการนี้ยังไม่มีแท็ก
คุณยังไม่ได้ล็อกอิน คุณสามารถมีกิจกรรมร่วมกับเว็บไซต์ได้ แต่ต้องล็อกอินก่อน ::
  ล็อกอิน

รายการสื่อสารสนเทศ

ลำดับที่ ประเภท เลขเรียก/บาร์โค้ด สถานที่ สถานะ
1. Book การพยาบาล
หนังสือสำรอง
สถานะ=หนังสือสำรอง
WY152 ผ225ก ฉ.1 
  Barcode: 039576
ห้องสมุดวิทยาเขตสวรรค์ประชารักษ์
►หนังสือทั่วไป
บนชั้น
2. Book การพยาบาล
Book การพยาบาล
WY152 ผ225ก ฉ.10 
  Barcode: 035985
ห้องสมุดวิทยาเขตสวรรค์ประชารักษ์
►ส่วนจัดเก็บหนังสือเก่า สปร
บนชั้น
  ขอยืม
3. Book การพยาบาล
Book การพยาบาล
WY152 ผ225ก ฉ.11 
  Barcode: 035986
ห้องสมุดวิทยาเขตสวรรค์ประชารักษ์
►ส่วนจัดเก็บหนังสือเก่า สปร
บนชั้น
  ขอยืม
4. Book การพยาบาล
Book การพยาบาล
WY152 ผ225ก ฉ.12 
  Barcode: 035987
ห้องสมุดวิทยาเขตสวรรค์ประชารักษ์
►ส่วนจัดเก็บหนังสือเก่า สปร
บนชั้น
  ขอยืม
5. Book การพยาบาล
Book การพยาบาล
WY152 ผ225ก ฉ.13 
  Barcode: 035988
ห้องสมุดวิทยาเขตสวรรค์ประชารักษ์
►ส่วนจัดเก็บหนังสือเก่า สปร
บนชั้น
  ขอยืม
6. Book การพยาบาล
Book การพยาบาล
WY152 ผ225ก ฉ.14 
  Barcode: 035989
ห้องสมุดวิทยาเขตสวรรค์ประชารักษ์
►ส่วนจัดเก็บหนังสือเก่า สปร
บนชั้น
  ขอยืม
7. Book การพยาบาล
Book การพยาบาล
WY152 ผ225ก ฉ.15 
  Barcode: 035990
ห้องสมุดวิทยาเขตสวรรค์ประชารักษ์
►หนังสือทั่วไป
บนชั้น
8. วิทยาศาสตร์การแพทย์ และสุขภาพ
วิทยาศาสตร์การแพทย์ และสุขภาพ
WY152 ผ225ก ฉ.16 
  Barcode: 037857
ห้องสมุดวิทยาเขตสวรรค์ประชารักษ์
►ส่วนจัดเก็บหนังสือเก่า สปร
บนชั้น
  ขอยืม
9. วิทยาศาสตร์การแพทย์ และสุขภาพ
วิทยาศาสตร์การแพทย์ และสุขภาพ
WY152 ผ225ก ฉ.17 
  Barcode: 037858
ห้องสมุดวิทยาเขตสวรรค์ประชารักษ์
►ส่วนจัดเก็บหนังสือเก่า สปร
บนชั้น
  ขอยืม
10. วิทยาศาสตร์การแพทย์ และสุขภาพ
วิทยาศาสตร์การแพทย์ และสุขภาพ
WY152 ผ225ก ฉ.18 
  Barcode: 003550
ห้องสมุดวิทยาเขตสวรรค์ประชารักษ์
►ส่วนจัดเก็บหนังสือเก่า สปร
บนชั้น
  ขอยืม
11. วิทยาศาสตร์การแพทย์ และสุขภาพ
วิทยาศาสตร์การแพทย์ และสุขภาพ
WY152 ผ225ก ฉ.19 
  Barcode: 003551
ห้องสมุดวิทยาเขตสวรรค์ประชารักษ์
►ส่วนจัดเก็บหนังสือเก่า สปร
บนชั้น
  ขอยืม
12. Book การพยาบาล
Book การพยาบาล
WY152 ผ225ก ฉ.2 
  Barcode: 039577
ห้องสมุดวิทยาเขตสวรรค์ประชารักษ์
►หนังสือทั่วไป
บนชั้น
13. Book การพยาบาล
Book การพยาบาล
WY152 ผ225ก ฉ.3 
  Barcode: 035978
ห้องสมุดวิทยาเขตสวรรค์ประชารักษ์
►ส่วนจัดเก็บหนังสือเก่า สปร
บนชั้น
  ขอยืม
14. Book การพยาบาล
Book การพยาบาล
WY152 ผ225ก ฉ.4 
  Barcode: 035979
ห้องสมุดวิทยาเขตสวรรค์ประชารักษ์
►ส่วนจัดเก็บหนังสือเก่า สปร
บนชั้น
  ขอยืม
15. Book การพยาบาล
Book การพยาบาล
WY152 ผ225ก ฉ.5 
  Barcode: 035980
ห้องสมุดวิทยาเขตสวรรค์ประชารักษ์
►ส่วนจัดเก็บหนังสือเก่า สปร
บนชั้น
  ขอยืม
16. Book การพยาบาล
Book การพยาบาล
WY152 ผ225ก ฉ.6 
  Barcode: 035981
ห้องสมุดวิทยาเขตสวรรค์ประชารักษ์
►ส่วนจัดเก็บหนังสือเก่า สปร
บนชั้น
  ขอยืม
17. Book การพยาบาล
Book การพยาบาล
WY152 ผ225ก ฉ.7 
  Barcode: 035982
ห้องสมุดวิทยาเขตสวรรค์ประชารักษ์
►ส่วนจัดเก็บหนังสือเก่า สปร
บนชั้น
  ขอยืม
18. Book การพยาบาล
Book การพยาบาล
WY152 ผ225ก ฉ.8 
  Barcode: 035983
ห้องสมุดวิทยาเขตสวรรค์ประชารักษ์
►ส่วนจัดเก็บหนังสือเก่า สปร
บนชั้น
  ขอยืม
19. Book การพยาบาล
Book การพยาบาล
WY152 ผ225ก ฉ.9 
  Barcode: 035984
ห้องสมุดวิทยาเขตสวรรค์ประชารักษ์
►ส่วนจัดเก็บหนังสือเก่า สปร
บนชั้น
  ขอยืม

รายการใกล้เคียง
    ผู้แต่ง [ผ่องพรรณ อรุณแสง]

    หัวเรื่อง [การพยาบาลผู้สูงอายุ]
    หัวเรื่อง [แนวคิดการพยาบาลผู้สูงอายุ]
    หัวเรื่อง [ผู้สูงอายุ การดูแล]

BibComment


ยังไม่เคยถูกคอมเมนท์

คอมเมนท์ทรัพยากรรายการนี้
  คอมเมนท์: การพยาบาล ปัญหาส..


 Copyright 2026. Bcnsprnw @Library